000 00286nam a2200109Ia 4500
008 210430s9999 xx 000 0 und d
082 _a621.483 M4788M
100 _aMcIntosh A.B.
_954963
245 _aMaterials For Nuclear Engineers
_cMcIntosh A.B.
260 _c1960
942 _cBK
_2ddc
999 _c565890
_d565890